000 01651nam a2200277 a 4500
001 BRCA_8492
003 FranzMayer
005 20230724103140.0
008 070616s1778----sp-#######---#000-0#spa-#
040 _aMFM
_bESP
_cMFM
041 _aspa
044 _asp
084 _aBE7
_b.C67 1778
100 1 _aCortines, Francisco Ignacio
_921110
245 1 0 _aSermones del P.D. Nicolas Gallo Presbítero de la Congregación Del Salvador del Mundo de Madrid, que da a luz
_cFrancisco Ignacio Cortines.
260 _aMadrid
_bEn la Oficina de D. Manuel Martin
_c1778
300 _a[12], xx, xviii, 370 p. (t.2)
_c21 x 15 cm.
500 _aEstado físico : lomo desprendido, algunas hojas con manchas en la parte inferior, primera hoja casi desprendida
500 _aCon marca de fuego : ´Procedencia de la marca: Convento de San Francisco de Querétaro(1). Institución: Orden de Frailes Menores. Provincia de San Pedro y San Pablo de Michoacán. Descripción: Monograma: Letras iniciales S[an] F[rancisco] D[e] Q[uerétar]o. Observaciones: David Saavedra la asigna a la Academia de Dibujo de San Fernando de Querétaro; Carlos Krausse al Colegio de Propaganda Fide de San Fernando de México. Ubicación de la marca en el libro: Canto superior, inferior y lateral´
500 _aVer también BE147 (tomo 3, 1778)
600 1 4 _aGallo, Nicolas
_cPresbítero de la Congregación Del Salvador del Mundo de Madrid
_921111
650 1 4 _aTeología pastoral
_ySiglo XVIII
_921112
856 _ahttp://www.marcasdefuego.buap.mx:8180/xmLibris/projects/firebrand/item.jsp?repository=marcas_de_fuego&key=6faee58a.xml&num=15
902 _aCFM
942 _2lcc
_cB
999 _c8159
_d8159